000 01818cam a2200277 4500500
005 20251228080536.0
041 _afre
042 _adc
100 1 0 _aRamel, Dominique
_eauthor
245 0 0 _aDe l'ignorance du problème psychique à l'engagement des élus
260 _c2007.
500 _a28
520 _aL’ALVE, créée en 1991 par des soignants et des familles de l’U nafam, s’est donné comme objectif premier d’ouvrir des lieux de vie en ville, permettant aux personnes hospitalisées, pour certaines depuis de très nombreuses années, de retrouver une vie sociale compatible avec leur pathologie. La première et principale difficulté qu’il a fallu surmonter a été de convaincre du bien-fondé de ce projet novateur, afin de dégager les financements nécessaires
520 _aFrom ignorance about mental problems to engagement by local politiciansThe ALVE, created in 1991 by health professionals of the U nafam (national association for families of the mentally ill, aims to open living residential units within cities, in order to enable people who have been hospitalised, some of them for many years, to come back to a social life compatible with their illness. The main difficulty that had to be overcome was to convince decision-makers of the viability of the project so as to secure the necessary finances.
690 _aélus
690 _alieux de vie dans la cité
690 _apartenariat associations
690 _asoignants
690 _atroubles psychiques
690 _amental illness
690 _apartnership
690 _aprotected housing
690 _avoluntary organisations
786 0 _nVie sociale | 1 | 1 | 2007-03-01 | p. 33-36 | 0042-5605
856 4 1 _uhttps://shs.cairn.info/revue-vie-sociale-2007-1-page-33?lang=fr&redirect-ssocas=7080
999 _c1598347
_d1598347